| 000 | 00623nam a2200205Ia 4500 | ||
|---|---|---|---|
| 003 | GCL | ||
| 005 | 20240530104004.0 | ||
| 008 | 140319s9999 xx 000 0 ara d | ||
| 040 |
_aGCL / _cGCL |
||
| 082 | 0 | 4 |
_a320.9 _bا ع |
| 100 | 1 | _aاورول ، جورج | |
| 245 | 1 | 0 |
_aالعالم سنة 1984 / _cتاليف اورول ، جورج ؛ ترجمة شفيق اسعد فريد |
| 250 | _aط.1 | ||
| 300 | _a406 ص | ||
| 490 |
_aالالف كتاب _v0 |
||
| 650 | 0 | 4 | _aالاحوال السياسية |
| 650 | 0 | 4 | _aالسياسة |
| 700 | 1 | _aاورويل، جورج شفيق اسعد فريد | |
| 942 |
_2ddc _cBK |
||
| 999 |
_c43946 _d43946 |
||